[Event "USA-ch GpB"]
[Site "San Diego"]
[Date "2006.03.05"]
[Round "3"]
[White "Christiansen, Larry Mark"]
[Black "Wojtkiewicz, Aleksander"]
[Result "1-0"]
[WhiteElo "2546"]
[BlackElo "2554"]
[Annotator "Ftacnik,L"]
[PlyCount "45"]
[EventDate "2006.03.02"]
[EventType "swiss"]
[EventRounds "9"]
[EventCountry "USA"]
[SourceTitle "CBM 112"]
[Source "ChessBase"]
[SourceDate "2006.06.07"]
[SourceVersion "1"]
[SourceVersionDate "2006.06.07"]
[SourceQuality "1"]

1. e4 c5 2. Nf3 d6 3. d4 cxd4 4. Nxd4 Nf6 5. Nc3 a6 6. Bc4 e6 7. Bb3 b5 8. Qf3
Qc7 9. Bg5 Nbd7 10. O-O-O Be7 11. e5 Bb7 12. Qg3 Nxe5 (12... dxe5 13. Bxe6 fxe6
14. Nxe6 Qc6 15. Nxg7+ Kf7 16. Nf5 Rag8 17. Nxe7 Kxe7 18. f4 h6 19. fxe5 Rxg5
20. exf6+ Kf7 {1/2 Stocek,J (2555)-Dydyshko,V (2544)/Czechia 2002/ (32)}) 13.
Bxe6 fxe6 (13... O-O 14. f4 Nh5 15. Qh4 Nxf4 16. Bxe7 Neg6 17. Qg3 Qxe7 18. Bb3
Bxg2 19. Rhg1 b4 20. Na4 Qb7 21. h4 Bd5 22. Bxd5 Qxd5 23. Nb6 Qxd4 24. Rxd4
Ne2+ 25. Kd2 Nxg3 26. Rxg3 {1/2 Tukhaev,A (2438)-Mikkelsen,N (2246)/Belfort
2005/ (43)}) 14. f4 $5 {[%mdl 128] Christiansen is one of the great attacking
players and he must have cherrished preparing novelty in this sharp line.} (14.
Nxe6 Qc8 15. Nxg7+ Kf7 16. Bxf6 Bxf6 17. Nh5 Qf5 18. Nxf6 Qxf6 19. f4 Nc4 20.
Qh3 Rae8 21. Rhe1 Rxe1 22. Rxe1 Qxf4+ 23. Kb1 Ne5 $19 {0-1 Lahno,K (2472)
-Novikov,I (2610)/Montreal 2004/ (49)}) 14... Ng6 (14... Nc4 $5 15. Nxe6 Qa5
16. Nxg7+ (16. Rde1 Kf7 17. Bh4 g6 18. Ng5+ Kf8 19. Rxe7 Kxe7 20. Re1+ Kd7 21.
Qh3+ Kc6 $15) 16... Kf7 17. Rde1 Bd8 18. Bxf6 Bxf6 19. Qg4 $36) 15. Nxe6 Qd7 $2
{With hinsight Wojtkiewicz would surely have played 15...Qc6, now white pieces
will steal their way into defenders position.} (15... Qc6 16. Nxg7+ Kf7 17. Nf5
Qxg2 18. Qe3 $14) 16. Rhe1 (16. f5 Ne5) 16... Kf7 (16... b4 17. f5 $1 bxc3 (
17... Ne5 18. Rxe5 bxc3 19. Qxc3 $16) 18. Bxf6 gxf6 19. fxg6 cxb2+ 20. Kb1 $18)
17. f5 {From now on each white move will resemble a blow.} Nf8 (17... Rac8 18.
Bxf6 gxf6 19. Kb1 $16) 18. Bxf6 Bxf6 (18... gxf6 19. Qg7+ Ke8 20. Qxh8 $18) 19.
Rxd6 Qc8 (19... Qe7 20. Nc5 Be5 21. Rxe5 Qxd6 22. Nxb7 Qh6+ 23. Kb1 $18) 20.
Ng5+ Kg8 (20... Bxg5+ 21. Qxg5 Qc7 22. Nd5 Qxd6 23. Re7+ Qxe7 24. Qxe7+ Kg8 25.
f6 $18) 21. Rxf6 $1 {The rest is easy, black has no arguments against white
intruders.} gxf6 (21... Qb8 22. Rd6 $18) 22. Nge4+ (22. Re7 fxg5 23. Qxg5+ Ng6
24. fxg6 h6 25. Qe5 Qf8 26. Qe6+ $18) 22... Ng6 (22... Kf7 23. Nd6#) 23. fxg6
1-0

[Event "Carlos Torre Wimbledon 16th"]
[Site "Merida"]
[Date "2003.12.17"]
[Round "1.1"]
[White "Hernandez Guerrero, Gilberto Eduardo"]
[Black "Gelfand, Boris"]
[Result "0-1"]
[WhiteElo "2538"]
[BlackElo "2703"]
[Annotator "Gelfand,B"]
[PlyCount "154"]
[EventDate "2003.12.17"]
[EventType "k.o."]
[EventRounds "4"]
[EventCountry "MEX"]
[SourceTitle "CBM 099"]
[Source "ChessBase"]
[SourceDate "2004.03.30"]
[SourceVersion "1"]
[SourceVersionDate "2004.03.30"]
[SourceQuality "1"]

1. e4 {Hecht} c5 2. Nf3 d6 3. d4 cxd4 4. Nxd4 Nf6 5. Nc3 a6 6. Bc4 e6 7. Bb3 b5
8. Bg5 Be7 9. Qf3 Qc7 10. O-O-O Nbd7 11. Rhe1 O-O 12. Qg3 Nc5 13. Bh6 Ne8 14.
h4 $146 Kh8 $1 (14... Bd7 15. Bg5 Bxg5+ 16. hxg5 b4 17. Nb1 a5 18. Qh4 $40) 15.
Bg5 Nf6 16. e5 (16. a3 Bb7 $15) 16... dxe5 17. Qxe5 (17. Nf3 Bb7 18. Nxe5 Rac8
$17) 17... Qxe5 (17... Bd6 18. Qe2 $13 (18. Qe3 h6 19. Bxh6 gxh6 20. Qxh6+ Nh7)
) 18. Rxe5 Bd6 $1 19. Re2 Bc7 20. a3 Bb7 21. Ba2 (21. f3 Rfd8 22. Ba2 Ncd7 (
22... Rd7 $140 23. b4 Rad8 24. Red2) 23. Red2 $15) 21... Nfe4 22. Nxe4 Nxe4 23.
Be3 Nf6 24. Bd2 $6 (24. f3 Bd5 (24... Rfd8 25. Red2) (24... Nd5 25. Bxd5 Bxd5
26. Red2 $11) 25. Kb1 $11) 24... Bxg2 (24... Rfd8 25. Nf3) 25. f3 Bb6 $1 (25...
Rad8 26. Nxe6 Bxf3 27. Nxd8 Rxd8 28. Re7 $44) 26. Rxg2 Bxd4 27. c3 $2 (27. Bg5
Bb6 28. Bxf6 gxf6 29. Rd7 $15) 27... Bb6 28. Bg5 Nh5 $1 29. Rd7 h6 30. Bd2 Ra7
$1 $17 31. Rxa7 Bxa7 32. a4 Bc5 33. axb5 axb5 34. Bb1 Be7 35. Bd3 Rb8 36. Rg4
Nf6 37. Rg1 b4 $19 38. Rh1 bxc3 39. bxc3 Nd5 40. Be4 Rc8 41. Bxd5 exd5 42. Kc2
Bf6 43. Kd3 h5 44. Ra1 Kh7 45. Ra5 Rd8 46. Ra4 Kg6 47. Be1 Rb8 (47... Kf5 $5)
48. Ra5 Rb1 49. Bf2 Rf1 50. Ke2 Rh1 51. Rxd5 Bxh4 52. Rd6+ f6 53. Bxh4 Rxh4 54.
Rc6 Rh2+ 55. Ke3 h4 56. Rc8 Kg5 57. c4 Rc2 58. Kd3 Rc1 59. Rh8 Kf4 (59... f5 $5
) 60. Rxh4+ (60. Kd2 $5 Ra1 $1 {Hecht: '[#] Duel of the passed pawns. Will the
c-pawn which is supported by the king save the draw? ' Hecht: '[#]
Freibauernduell. Rettet der vom König unterstützte c-Bauer das Remis?'} (60...
Rh1 61. c5 Ke5 62. Rd8 (62. Rh7 h3 63. c6 Kd6 64. Rxg7 Kxc6 $19) 62... h3 63.
c6 h2 64. c7 Rc1 65. Kxc1 h1=Q+ 66. Kd2 $11) {Hecht: Let us try supporting the
c-pawn from behind with the rook Hecht: Wir versuchen den c-Bauern mit dem
Turm von hinten zu unterstützen.} 61. Rxh4+ Kxf3 62. c5 Ra6 $1 (62... g5 63.
Rc4 (63. Rb4 Ra8) 63... g4 (63... Ra7 {Hecht} 64. c6 Rc7 65. Kd3 g4 (65... f5
$1 66. Kd4 f4 $1 {Here in any case White seems lost Hier scheint Weiß
allerdings verloren zu sein.} (66... g4 67. Ke5 g3 68. Kxf5 g2 69. Rf4+ Kg3 70.
Rg4+ Kf2 (70... Kh3 71. Rg6 Re7 72. Kf4 Kh2 73. Kf3 $11) 71. Rf4+ Kg1 72. Rc4
$11) 67. Ke5 Kg3 68. Kf5 (68. Kd6 Rc8 69. Kd7 Rg8 70. c7 f3 $19) (68. Rc3+ f3
69. Ke4 Kg2 $19) 68... f3 69. Kxg5 f2 $19) 66. Rc5 {[%csl Rf6][%cal Rc5f5]} Kf4
67. Rc4+ Kf5 68. Ke3 {and behold: a draw! The reason is the superior
co-operation between the white rook and king, whereas Black's pieces are lone
fighters. und siehe da: Remis! Der Grund ist die bessere Zusammenarbeit
zwischen weißem Turm und König, während die entsprechenden Steine bei Schwarz
Einzelkämpfer sind.}) 64. c6 Ra8 65. Rc5 (65. Rc3+ Kf2 66. Rc4 Rd8+ 67. Kc2 Kf3
68. c7 Rc8) (65. c7 Rc8 66. Rc3+ Kf2 67. Rc5 g3 68. Rf5+ Kg2 69. Rc5 Kf3) 65...
g3 (65... Rf8 66. Ke1) 66. Rf5+ Ke4 67. Rxf6 Rg8 68. Re6+ (68. c7 g2) 68... Kf5
69. Re1 g2 70. Rg1 (70. c7 Kf4) 70... Kf4 71. Kd3 Kf3 72. Kd4 $11) 63. Rc4 Rc6
64. Kd3 g5 65. Kd4 g4 66. Kd5 Rc8 67. c6 (67. Rc3+ Kf4 68. Ke6 (68. c6 g3)
68... g3 69. Rc2 Kf3 70. Kxf6 g2 71. Rc3+ Kg4 72. Rc4+ Kh5) 67... g3 68. c7 g2
69. Rc3+ Kf4 $19) 60... Kxf3 61. Rh7 Rd1+ (61... g5 {Hecht} 62. Rf7 Rd1+ 63.
Kc3 Rd6 64. c5 {and White gains the tempi required for a draw by attacking the
rook with the advancing pawn and then with the king. und Weiß gewinnt die zum
Remis ausreichenden Tempi durch Angriff auf den Turm mit dem vorrückenden
Bauer sowie danach dem König.}) 62. Kc3 Rd7 63. c5 f5 64. Kc4 f4 65. c6 Rf7 {
'!' Hecht.} (65... Ra7 $2 {Hecht} 66. Kc5 Ke3 67. Kb6 {the decisive gain of
tempo for the draw. mit entscheidendem Tempogewinn für das Remis.}) 66. Kd5 Ke3
67. Ke6 Ra7 {'!' Hecht. Hecht: 'at last! The king and pawn which cannot
co-operate at once lose the duel of the passed pawns.' Hecht: 'erst jetzt und
die nicht sofort kooperierenden Steine König und Bauer verlieren das
Freibauernduell.'} (67... Rf6+ $142 68. Kd7 f3 69. c7 (69. Rxg7 f2 70. Rg3+ Kf4
) 69... Rf7+ 70. Kd6 Rxc7 71. Kxc7 f2 $19 {Hecht: 'and wins by a hair's
breadth - just one tempo.' Hecht: 'und gewinnt haarscharf um ein Tempo.'}) 68.
Rh5 $1 (68. Rh8 {Hecht} f3 69. Rf8 f2 70. Kd6 g5 $19 (70... Ke2 $144 71. Re8+
Kf3 72. Rf8+ Kg2 $19)) 68... f3 69. Re5+ Kf4 70. Rf5+ Kg4 71. Rf8 Kg3 72. Kd6
g5 73. c7 Rxc7 74. Kxc7 g4 $1 75. Kc6 Kg2 76. Kd5 f2 77. Ke4 g3 {Hecht: 'Here
too a single tempo ensures the win.' Hecht: 'Auch hier gelingt der Gewinn nur
um ein Tempo.'} 0-1

[Event "Budapest zt-A"]
[Site "Budapest"]
[Date "1993.??.??"]
[Round "1"]
[White "Georgiev, Kiril"]
[Black "Ftacnik, Lubomir"]
[Result "1-0"]
[WhiteElo "2660"]
[BlackElo "2535"]
[Annotator "Georgiev,Ki"]
[PlyCount "103"]
[EventDate "1993.03.??"]
[EventType "tourn"]
[EventRounds "11"]
[EventCountry "HUN"]
[EventCategory "11"]
[SourceTitle "CBM 034"]
[Source "ChessBase"]
[SourceDate "1993.06.01"]
[SourceVersion "1"]
[SourceVersionDate "1993.06.01"]
[SourceQuality "1"]

1. e4 c5 2. Nf3 d6 3. d4 cxd4 4. Nxd4 Nf6 5. Nc3 a6 6. Bc4 e6 7. O-O b5 8. Bb3
Be7 9. Qf3 Qb6 10. Be3 Qb7 11. Qg3 Nc6 {11...0-0; 11...b4; 11...Nbd7;} 12. Rad1
O-O 13. Nxc6 Qxc6 14. Bh6 Ne8 15. Rfe1 Bb7 16. a3 $5 $146 (16. Rd3 $10) 16...
Kh8 (16... Rd8 $5) 17. Bg5 Bxg5 18. Qxg5 Nf6 19. Rd3 Rad8 20. Qd2 Qb6 $2 (20...
Rd7 $142 21. f3 Rfd8 22. Rd1 $14) 21. Rd1 $1 Nxe4 (21... Bxe4 22. Rxd6 Rxd6 23.
Qxd6 Qxd6 24. Rxd6 Bb7 25. Rb6 $16) 22. Nxe4 Bxe4 23. Rxd6 Rxd6 24. Qxd6 Qxd6
25. Rxd6 $16 a5 (25... Ra8 26. f3 Bf5 27. Kf2 g5 28. Ke3 Kg7 29. Kd4 $16) 26.
f3 Bg6 (26... Bf5 $5 {/\ g5, Kg7} 27. g4 Bg6 {/\ h5}) 27. a4 $1 bxa4 28. Bxa4
h5 29. c4 Rc8 30. b3 $1 Bc2 31. Rd2 Bf5 32. h4 f6 33. Kf2 g5 34. hxg5 fxg5 35.
Rd7 h4 36. Ra7 Rc5 37. Rb7 g4 38. fxg4 Bxg4 39. Rb5 $1 Rf5+ 40. Ke3 Kg7 41. c5
h3 42. gxh3 Rf3+ 43. Kd4 Bxh3 44. c6 Kf6 45. Rxa5 Rf1 46. b4 Rb1 47. b5 e5+ 48.
Kc5 e4 49. b6 e3 50. Bb5 Rc1+ 51. Kd6 Bg2 52. Ra2 1-0

[Event "VAM Hoogeveen op"]
[Site "Hoogeveen"]
[Date "1998.10.24"]
[Round "9"]
[White "Bosch, Jeroen"]
[Black "Golod, Vitali"]
[Result "1/2-1/2"]
[WhiteElo "2480"]
[BlackElo "2555"]
[Annotator "Golod,V"]
[PlyCount "88"]
[EventDate "1998.09.??"]
[EventType "swiss"]
[EventRounds "9"]
[EventCountry "NED"]
[SourceTitle "EXT 1999"]
[Source "ChessBase"]
[SourceDate "1998.11.16"]
[SourceVersion "1"]
[SourceVersionDate "1998.11.16"]
[SourceQuality "1"]

{[%mdl 2]} 1. e4 c5 2. Nf3 d6 3. d4 cxd4 4. Nxd4 Nf6 5. Nc3 e6 6. Bc4 a6 7. O-O
$6 (7. Bb3 $142) 7... Be7 {-transfers to-7.Bb3} ({Good enough:} 7... Nxe4 $5 8.
Nxe4 d5 {+/=/=}) 8. Bb3 O-O 9. f4 b5 10. e5 dxe5 11. fxe5 Nfd7 12. Be3 Bb7 $5 (
{Dubious:} 12... Nc5 $6 {because of:} 13. Qf3 $36 {[%cal Gf3g3]}) (12... Nxe5
$5 {See comments to Short,N-Kasparov,G/Novgorod,1997(CBM60)1/2-1/2[Fritz,5.00]
(25)}) 13. Rxf7 $2 $146 {[%mdl 512] As an analyse shows this sacrifice is not
justified.} ({Can be recommended:} 13. Qh5 $5 Nc6 (13... g6 $5 {/\b4}) 14. Rxf7
$6 (14. Nxc6 $5 Bxc6 $140 15. Rad1 $13) 14... Nxd4 15. Bxd4 Rxf7 16. Bxe6 Nxe5
17. Qxe5 Bf6 18. Bxf7+ Kh8 19. Qh5 Bxd4+ (19... Qxd4+ $5) 20. Kh1 $11 {1-0
Degenhardt,H-Roeschlau,B/Frankfurt 1989/EXT 97 (42)}) 13... Rxf7 14. Nxe6 Qc8 {
-is the better move.} ({Loses:} 14... Qe8 {in view of:} 15. Nc7 {[%csl Ra8,Rd7,
Rf7][%cal Ge5e6]}) ({Badly:} 14... Qa5 {because of:} 15. Ng5 {with strong
attack.}) 15. Nd5 (15. Qh5 $6 g6 $17 {[%cal Gd7e5]}) 15... Kh8 $6 ({After:} 
15... Nxe5 $3 {[%cal Ge5c4] Mikhalevski,V} 16. Nb6 $140 Qe8 $1 {[%cal Gc8e8,
Ge8c6]} (16... Qc6 $2 17. Bd5) 17. Nxa8 (17. Nc7 $2 Qc6 $19 {[%csl Rc7,Rg2]})
17... Qc6 18. Qe2 Nc4 $17 {[%csl Gb3,Yc4] I has a big advantage.}) 16. Qh5 g6
$2 {After this move,white has a strong attack.} ({Strongly:} 16... Qe8 $1 {
[%cal Gf7f1]} 17. Ndf4 $140 (17. Nef4 $5 {=/+/-/+}) 17... Rf8 $1 $17 (17...
Nxe5 $6 18. Qxe5 $36) (17... Nf6 $2 18. exf6 Bxf6 19. Bc5 $40)) 17. Nxe7 Rxe7
$8 ({Loses:} 17... gxh5 $4 18. Nxc8 Bxc8 19. Nc7 $18 {[%csl Ra8,Rf7]}) 18. Qh4
Nc6 ({Better is:} 18... Qc6 $5 19. Nf4 Qe4 $1 (19... Rxe5 $4 20. Qd8+ Kg7 21.
Nh5+ $1 Rxh5 (21... gxh5 22. Qg8+ Kf6 23. Qf7#) 22. Qg8+ Kf6 23. Qf7+ Ke5 24.
Qf4#) 20. Re1 $40) 19. Rf1 $1 $36 (19. Bg5 $2 Rf7 $17) 19... Qe8 {-is the best
move.} (19... Qg8 $2 20. Ng5 $1 $40) (19... Qb8 $2 20. Bg5 Rxe6 21. Bxe6 $18) (
19... h5 $6 20. Qg5 Ndxe5 $2 (20... Qb8 $5) 21. Rf8+ $1 (21. Qf6+ $5 Kh7 22.
Ng5+ Kh6 23. Ne4+ Kh7 24. Qg5 $1 Ng4 25. Nf6+ Kh8 26. Qxg6 $18) 21... Qxf8 22.
Nxf8 $18 {[%cal Gg5h6]}) 20. Nc7 $5 ({Worse is:} 20. Rf8+ Qxf8 (20... Nxf8 $4
21. Qf6+ Kg8 22. Nxf8+ Rf7 23. Nxg6 $1 hxg6 24. Qxg6+ Kh8 (24... Kf8 25. Bh6+
Ke7 26. Qd6#) 25. Bxf7 Qf8 26. Qh5+ Kg7 27. Bh6+ Kh8 28. Bxf8#) 21. Nxf8 Rxf8
22. e6 Nde5 23. Bc5 $5 (23. Bd4 $6 Rf5 24. h3 $15) 23... Rfe8 $14) 20... Qb8
21. Nxa8 $16 Qxe5 (21... Bxa8 $2 22. e6 $18) 22. Bg5 Rg7 ({This move:} 22...
Bxa8 $2 {-is refuted by:} 23. Rf8+ $3 Nxf8 (23... Kg7 24. Qh6#) 24. Bf6+ $18)
23. Qf2 $6 {[%cal Gf2f8]} ({Right away win:} 23. Nb6 $1 Qc5+ (23... Nxb6 $4 24.
Rf8+) 24. Qf2 Nd4 25. Nxd7 Ne2+ 26. Kh1 Qxf2 27. Rxf2 $18 Rxd7 $140 $2 28. Rf8+
Kg7 29. Rg8#) 23... h5 $1 24. Bf4 $6 ({Good enough:} 24. Bh6 $5) ({and} 24. Nb6
$1 Qxg5 (24... Nxb6 25. Qf8+ Kh7 26. Bf6 Qe3+ 27. Kh1 $18) 25. Nxd7 $16) 24...
Qf6 $5 (24... Qxb2 $143 25. Nc7 $16) (24... Qd4 $2 25. Nc7 $18) 25. Nc7 Nd4 $1
26. Be3 $6 ({Can be recommended:} 26. Ne8 $5 Qxf4 27. Nxg7 (27. Qxf4 $2 Ne2+
28. Kf2 (28. Kh1 $4 Nxf4 {[%csl Rg2]} 29. Rxf4 (29. Nxg7 Bxg2+ 30. Kg1 Bxf1 $19
) 29... Re7 $19 {[%csl Re8,Rh1]}) 28... Nxf4 29. Nxg7 Kxg7 $11) 27... Qxf2+ 28.
Kxf2 Nxb3 (28... Kxg7 $4 29. Rd1 $18) 29. Nxh5 {+/=/+/-_|_}) (26. Qe3 $5 $16)
26... Qxf2+ 27. Rxf2 Nxb3 28. axb3 Re7 29. Bd4+ $5 ({Another option:} 29. Bd2
$5) 29... Kg8 30. c4 Ne5 $6 $138 ({Better is:} 30... Re1+ $5 31. Rf1 Re2 (31...
Re4 $5 32. Rd1 Re2 (32... Rg4 $143 33. g3 $16) 33. Bf2 Ne5 $14 {[%cal Ge5g4]})
32. Nd5 Bxd5 33. cxd5 Rd2 34. Rf4 $14) 31. Bxe5 (31. Rf6 $2 Ng4 32. Rxg6+ Kh7 {
[%csl Rg1][%cal Ge7e1]} 33. Re6 $8 Rxc7 $17) 31... Rxe5 32. Rd2 {/\Nd5} bxc4 (
32... Kf7 $5) 33. bxc4 Kf7 34. b4 $2 $138 ({After:} 34. Kf2 Ke7 35. b3 {
Bosch keeps an advantage in the endgame.}) 34... Ke7 35. Kf2 Re4 $1 {קc4,b4;
Nc7} 36. Nd5+ (36. b5 $144 Rxc4 37. Nxa6 (37. bxa6 Rxc7 38. axb7 Rxb7 $11)
37... Bxa6 38. bxa6 Ra4 $11) 36... Bxd5 37. Rxd5 Rxc4 $11 38. Ra5 Rc6 39. b5
Rc2+ 40. Kf1 axb5 41. Rxb5 h4 42. Ra5 Kf6 43. Kg1 g5 44. h3 Re2 1/2-1/2

[Event "Lasker Autumn GM"]
[Site "Bucharest"]
[Date "2001.10.24"]
[Round "12"]
[White "Golubev, Mikhail"]
[Black "Szabo, Gergely Andras"]
[Result "1-0"]
[WhiteElo "2530"]
[BlackElo "2405"]
[Annotator "Golubev,M"]
[PlyCount "90"]
[EventDate "2001.10.13"]
[EventType "tourn"]
[EventRounds "11"]
[EventCountry "ROU"]
[EventCategory "8"]
[SourceTitle "EXT 2003"]
[Source "ChessBase"]
[SourceDate "2002.11.25"]
[SourceVersion "1"]
[SourceVersionDate "2002.11.25"]
[SourceQuality "1"]

{For the first time this game was published in British Chess Magazine 12/2001.
} 1. e4 c5 2. Nf3 d6 3. d4 cxd4 4. Nxd4 Nf6 5. Nc3 a6 6. Bc4 e6 7. Bb3 b5 8.
O-O Be7 9. Qf3 Qb6 10. Be3 Qb7 11. Qg3 {# This is a well-known crossroads in
the Fischer/Sozin Attack. Black has four popular moves here: 11...Nc6 
(illogical); 11...0-0 (slightly better for White); 11...Nbd7!? (consequent,
but risky) and 11...b4 12 Na4 0-0 (solid main line). I spent a lot of time on
all this while playing and analysing my previous games and writing the 9 Qf3
chapter for my Sicilian Sozin book. One more option is 11...Bd7?, but here
White gets a crushing attack by 12 Nf5! exf5 13 Qxg7 Rf8 14 Bg5!, as Ivanchuk
played against Shakhvorostov in the USSR Junior Championship 1985 (in which I
also participated). All other Black's moves are virtually untested till now.}
h5 {A surprise. At the board I could remember only that White won a game after
12 Nf5, but hardly anything else.} 12. Nf5 ({A less ambitious move would be} 
12. f3 {, after which Black can either start to disturb the white pieces with
pawns (12.. .h4!? and 13 Qxg7?! Rh7 14 Qg5 Rh5 is a guaranteed draw) or else
develop his queenside pieces.}) 12... exf5 13. Qxg7 {I spent about half an
hour on the last two moves. After 13 e5 dxe5!? 14 Qxg7 Rf8 White has some
compensation but I didn't like 15 Rad1 Be6 at all, and 15 Bg5 (where 15...b4!?
is possible) didn't attract me either. The final decision was made after I
found an additional idea 16 Rad1!? and 17 Rxd6+ in the game line.} (13. e5 dxe5
14. Qxg7 Rf8 15. Rad1 (15. Bg5) 15... Be6) 13... Rh7 $1 {I expected this, and
it is clearly the best move. After the game my database showed that Black had
previously played only 13...Rf8?!. Instinct tells me that White should be much
better after that; possibly 14 Bg5!? Nxe4 15 Bd5 Nxg5 16 Bxb7 Bxb7 17 Rfe1 Ne6
18 Qh7, Sofia Polgar-Enoshi, Biel 1987, is confirmation of that view.} (13...
Rf8 14. Bg5 Nxe4 15. Bd5 Nxg5 16. Bxb7 Bxb7 17. Rfe1 Ne6 18. Qh7) 14. Bxf7+ Kd8
15. Qg6 Nbd7 {# In this critical position Black threatens to win a bishop by
16...Ne5 or 16...Nf8, and White has to do something. 16 Nd5?! Nf8 17 Bb6+ Qxb6
18 Nxb6 Nxg6 19 Bxg6 Rg7 is clearly not good, but 16 Bd5 is probably strongest;
Black then has two possibilities. One line is 16...Nxd5 17 Nxd5 (or 17 Qxh7!?)
17...Nf8 18 Bb6+ (18 Qg3 may be of some interest) 18...Qxb6 19 Qxh7 Nxh7 20
Nxb6 Rb8, and White can play 21 Nd5 (rather than 21 Nxc8 Rxc8 22 exf5 Rxc2). I
didn't like 16... Qb8 17 Bxa8 Nf8 (17...Ne5 18 Qg5!) where Black first attacks
the white queen and later takes on a8 in the best possible circumstances. Now
I think that after 18 Qg5! his initiative is rather temporary. 17 Qxf5!? 
(instead of 17 Bxa8) deserves attention as well.} 16. Rad1 {After long
reflection I chose this move, planning a further queen sacrifice that worked
so well in the game. However, 16 Rad1 could possibly cost White a point, at
least when playing against a computer.} Ne5 {16...Nf8 17 Rxd6+ with good
chances after 17... N6d7 18 Bb6+!? Qxb6 19 Rxd7+ Nxd7 20 Qxh7 or 17...Kc7 18
Qxf6!? Bxf6 19 Rxf6. If 17...Bd7, White can play as in the game.} 17. Rxd6+ {#}
Bd7 {If Black has any natural move here, then this is it. After 17...Bxd6, the
forced line 18 Qxf6+ Qe7 19 Bb6+ Kd7 20 Qxf5+ Kc6 21 Qxh7 leaves White with
four pawns for a bishop. However, in the case of 17...Kc7! (king attacks rook!)
Black can probably survive his opponent's activity with a good chance of
winning: 18 Nd5+ (other moves don't work at all, as far as I can be sure about
such a position) 18...Kxd6! (other moves are unconvincing: 18...Nxd5?! 19
Qxh7!? Nxe3 20 Bd5; 18...Qxd5 19 exd5!? Nxg6 20 Rc6+; 18...Kb8 19 Rxf6!? Nxg6
20 Bxg6 Bxf6 21 Bf4+) 19 Bf4 (this was my main hope; 19 Rd1? Nxg6; 19 Nxf6?
Rxf7!?) 19...Rxf7! (the only move) 20 Rd1 (20 Qxf7 Nxd5! 21 Bxe5+ Kxe5, and
also good is 20....Be6!?) ... and now, incredibly, the cold computer move 20...
fxe4!! leaves White with just too few fighters on the board. In all the lines
that I was able to find, White is in big trouble. The main point is that,
after 21 Nxf6+ Ke6, White's queen is attacked and he must play 22 Bxe5 where,
after 22...Bxf6!? 23 Bxf6 Rxf6 24 Qe8+ Qe7 25 Qc6+ Kf7 26 Qxa8 Rd6, Black has
a bishop for two pawns.} 18. Qxf6 $1 {18 Rxd7+? Qxd7 is hopeless for White;
also bad is 18 Bd5?! Qxd5 19 Nxd5 Nxg6 20 Bb6+ Kc8.} Bxf6 {18...Nxf7? 19
Rxd7+! Qxd7 20 Qg6 and White wins.} 19. Bd5 {# White has only three pawns for
a queen at this juncture. Also, he has no concrete threats against the
adversary's king. Nevertheless, compensation is very considerable. I liked all
the lines I saw for White in this position, and the most difficult part was to
convince myself that I really can play without a queen. But... it's only a
piece after all.} Qb8 {19...Qc7? is impossible because of 20 Bb6!. After 19...
Nc6 White plays 20 Rxf6.} 20. Rxf6 Rg7 {Two good illustrative lines are 20...
Ng4 21 Rf8+ Be8 22 Bg5+ Re7 23 Rd1! Qxh2+ 24 Kf1 and 20...Ke7 21 Bg5! Ke8 22
exf5.} 21. Rf8+ Be8 22. Rd1 Rd7 $2 {Black should play 22...Nd7, but White is
already better anyway.} 23. Bg5+ Kc7 24. Bf4 Kd8 {24...Kb6 loses by force
after 25 Rf6+ Ka5 26 a3! b4 27 axb4+ Kxb4 28 Rd4+ Kc5 29 Be3.} 25. Bg5+ {
The old masters would never understand such a manoeuvre, but they played
without a clock...} Kc7 26. Bf4 Kd8 27. Rxf5 {# White is winning from now
until the end. The game continued in increasingly hectic mutual time-trouble
where my main aim was not to let the white pieces come under attack. So it was
not easy to find such an aggressive idea as 41 Nd8+, winning a rook...} b4 28.
Bxe5 Qa7 29. Ne2 Rc8 30. Nd4 Qb6 31. Rd3 Ke7 32. Bf6+ Qxf6 33. Rxf6 Kxf6 34. f3
Rc5 35. Kf2 Rdc7 36. Ke3 Bf7 37. Bxf7 Kxf7 38. f4 Ra5 39. Rb3 Rb7 40. Nc6 Rxa2
41. Nxb4 $2 Ra4 42. Nc6 Rxb3+ 43. cxb3 Ra2 44. Ne5+ Ke6 45. Nd3 a5 {Here I
reckoned that 40 moves must have been made. My flag fell; we reconstructed the
last 15 moves and Black resigned. He could play on, but White has too many
pawns for the exchange.} 1-0